La leyenda de Sleepy Hollow
Сохранить в:
| Главный автор: | |
|---|---|
| Формат: | |
| Язык: | испанский |
| Опубликовано: |
Barcelona
Alba
2000
|
| Редактирование: | 1a. ed |
| Серии: | Primeros Clásicos
|
| Предметы: | |
| Метки: |
Добавить метку
Нет меток, Требуется 1-ая метка записи!
|
MARC
| LEADER | 00000nam a2200000 a 4500 | ||
|---|---|---|---|
| 001 | UCG1325 | ||
| 003 | CL-VaPUC | ||
| 008 | 100429e20000000SP |||||||||||||||||spa|d | ||
| 020 | |a 848428011X | ||
| 082 | 0 | 4 | |a 9 |b IRV |2 21 |
| 100 | |a Irving, Washington |e author |9 345121 | ||
| 245 | 1 | 3 | |a La leyenda de Sleepy Hollow |
| 250 | |a 1a. ed | ||
| 300 | |a 87 p | ||
| 942 | |c BK | ||
| 945 | |d 20100429 00:00:00 |a cmena | ||
| 260 | |a Barcelona |b Alba |c 2000 | ||
| 650 | 0 | |a Literatura infantil |9 307465 | |
| 650 | 0 | |a Novelas estadounidenses |9 265217 | |
| 583 | |a last modification |c 20100429 00:00:00 |k Rodrigo Vera | ||
| 490 | 0 | |a Primeros Clásicos | |
| 999 | |c 340729 |d 340727 | ||
| 952 | |0 0 |1 0 |4 0 |6 9_000000000000000_IRV_2000 |7 0 |8 C |9 435707 |a BIBCUR |b BIBCUR |d 2019-11-22 |i 4669185 |o 9 IRV 2000 |p 4669185 |r 2025-04-22 |w 2019-11-22 |y BK |k INF | ||